Quizzes
Events
Quiz Creation
Community
Videos
Private Events
Remove Ads
Sign In
Join for FREE
Feedback
Dark Mode
Quiz Categories
Sports
Geography
Music
Movies
Television
Just For Fun
Miscellaneous
History
Literature
Language
Science
Gaming
Entertainment
Religion
Holiday
For Kids
Quiz Lab
Recent
Popular Today
Quiz Kudos Today
Editor Picks
Curator Picks
Quizzes by...
Day
Popularity
Type
Ratings
Length
Year
Community
Subscriptions
Recent Discussions
Orange Saloon
Badges
Playlists
Quests
Create
Leaderboards
Showdown
Live 5
Trivia Bingo
Activity
Puzzle Library
Sporcle Events
Private Events
Virtual Trivia
Globe League
Become a Host
Pub Owners
SporcleCon
Opinionation
Our Games
Videos
Blog
Mobile Apps
Partnerships
Remove Ads and Go Orange
Feedback
Sports
Athletes
MLB
NBA
NHL
NFL
Soccer
Sports Teams
WWE
NCAA
Football
Premier League
Basketball
Baseball
Hockey
Golf
Tennis
Cricket
Rugby
Auto Racing
Olympics
World Cup
Sports
Athletes
MLB
NBA
NHL
NFL
Soccer
Sports Teams
WWE
NCAA
Football
Premier League
Basketball
Baseball
Hockey
Golf
Tennis
Cricket
Rugby
Auto Racing
Olympics
World Cup
Random Quiz
Search Sporcle
×
Quiz Lab
Quiz Lab
Sports
Basketball
Type in answers that appear in a list
Type in answers that appear in a list
Classic
Best Score? Go Orange.
Winningest College Basketball Teams Stats
Can you name the winningest college basketball teams of all-time?
By
Maphead
6m
30 Questions
313 Plays
313 Plays
313 Plays
Comments
Comments
Give Quiz Kudos
Give Quiz Kudos
-
- Ratings
hide this ad
Replay
Link that replays current quiz
Next Quiz
Link to next quiz in quiz playlist
You Got
0%
They Got
Avg Score
65%
Avg Friend Score
Upgrade to see
Score Distribution
Jump to the score distribution portion of the page
Score
0/30
Timer
06:00
0
Plays Today
Conference
Team
% Correct
ACC
Duke
97.8%
ACC
North Carolina
95.5%
SEC
Kentucky
94.2%
Big Twelve
Kansas
91.4%
Pac-
12
California-Los Angeles
91.1%
Big Ten
Indiana
82.4%
Pac-
12
Arizona
80.2%
Big East
Syracuse
79.9%
Big Twelve
Oklahoma
78.3%
Big Twelve
Texas
77.6%
Pac-
12
Washington
74.8%
Ivy League
Princeton
74.4%
Big Ten
Illinois
71.6%
Big East
Connecticut
71.6%
Big East
Villanova
70.3%
Conference
Team
% Correct
Ivy League
Penn
69.3%
Pac-
12
Oregon State
65.8%
Big East
Louisville
65.5%
Big Ten
Purdue
61%
Big East
St. John's
60.7%
Pac-
12
Utah
59.1%
ACC
North Carolina State
57.5%
Atlantic Ten
Temple
55.3%
Big East
Notre Dame
51.8%
Big East
West Virginia
49.5%
Big East
Cincinnati
42.8%
West Coast
Brigham Young
38.3%
Missouri Valley
Bradley
25.2%
Sun Belt
Western Kentucky
22%
Missouri Valley
Missouri State
17.9%
Quiz Playlist
Details
Report
Send in Message
Add To Playlist
Classic:
Type in answers that appear in a list
Last Updated: Feb 16, 2017
Quiz Scoreboard
CHALLENGE
Sign Up to Join the Scoreboard
Show All
Scores
Hide
Comments
May contain spoilers
Recently Published
9x9 Crossword: Cartoon Network
by jackfrog10
Miscellaneous
3m
College Basketball Coaching Resumes
by pancakes188
Sports
9m
Billboard Blitz: Fleetwood Mac
by CooCooCachoo
Music
15s
More to Explore
Quiz From the Vault
Featured Blog Post
Where Did the Easter Bunny Come From?
hide this ad
You Might Also Like...
Tags
Basketball Quiz
College Quiz
Conference
team
Win
Winningest
Today's Top Quizzes in Sports
Browse Sports
hide this ad
Today's Top Quizzes in Basketball
Browse Basketball
Top Contributed Quizzes in Sports
1
2022 World Cup Stars
2
Les meilleurs buteurs des matchs entre le PSG et l’OM
3
FIFA Club World Cup Champions
4
Les entraîneurs de l'OM et du PSG au 21e siècle
5
Criteria MLB: Left Handed Sluggers
6
AFC Teams Reveal (Wrong Answers Minefield)
7
2023 MLB Unique Player Accomplishments
8
5-to-1: FBS Animal Nicknames
9
Players with Multiple 50 Home Run Seasons
10
5-to-1: UK Sports Teams
Explore More
Trending Topics
Crossword
Harry Potter
Disney
NBA
Anime
Marvel
Kpop
WWE
The Office
Puzzle
NFL
Pokémon
Country
Song
Soccer
hide this ad
More By:
Maphead
Quiz
Plays
Rating
Category
Featured
Created
Official Languages of Asia
63,013
4.58
Geography
Jan 2, 2012
Every Rushing TD in 2015 NFL Season
34,456
4.47
Sports
Jan 13, 2016
Official Languages of Africa
8,769
4.80
Language
Jan 1, 2012
Official Languages of Oceania
5,234
3.94
Geography
Jan 4, 2012
Grand Slam Quarterfinal Appearances in the 2010s (M)
4,922
4.76
Sports
Sep 10, 2012
Go to Creator's Profile
Score Distribution
Quiz Creator Spotlight
Maphead
Follow
Send a Message
Quizzes Created
-
Created Quiz Play Count
-
More By This Creator
Popular Quizzes Today
1
Find the US States - No Outlines Minefield
2
Find the Countries of Europe - No Outlines Minefield
3
The Countries of the World
4
Find the US States
5
Risky Map Clicking: Biggest States A-Z
6
US States
7
Popular People in 1961
8
Movies - When Are They Set?
More Sports Quizzes
Liverpool Line-ups 2000-2023
Quiz Lab
Trending Quizzes
Risky Map Clicking: Least Populous States A-Z
1-10 Letter G Words
Risky Map Clicking: Next State Alphabetically
Adjectives in 80s TV Shows
Risky Map Clicking: Biggest States A-Z
Recently Updated
Leaping Animals
pecheneg
Reality TV Shows (A-Z)
bhenderson79
Rickey Henderson's Hall of Fame Teammates
pecheneg
Champions League XIs: Arsenal
pecheneg
Quick Pick: Celebrities in WWE's Hall of Fame
aduchscher
A-Z Keypad Blitz II
pecheneg
Multiple Oscar Actors
pecheneg
Mystery Phrase Blitz: Oscar 'Best Actors'
pecheneg
F. Scott Fitzgerald Novels
LTH
Pick 3 Villains
ddd62291
Trending Topics
Harry Potter
Marvel
Anime
Kpop
Crossword
NBA
Disney
Puzzle
WWE
Soccer
The Office
Song
NFL
Pokémon
Country
Your Account Isn't Verified!
In order to create a playlist on Sporcle, you need to verify the email address you used during registration. Go to your
Sporcle Settings
to finish the process.
Report this User
Report this user for behavior that violates our
Community Guidelines
.
Details:
Send Report
Go to the Sporcle.com Mobile Site →
Comments